000 00693nam a2200289Ia 4500
005 20260324115817.0
008 008 260324s9999 xx 000 0 eng d
020 _a9781041055938
037 _aEBOOK
040 _aCRL
040 _beng
040 _cCRL
041 _2eng
041 _aeng
084 _qCRL
100 _aCarol Hayes
_91156095
245 0 _aLanguage, Literacy and Communication in the Early Years
245 2 _bA critical foundation
260 _bTaylor and Francis
260 _c2016
365 _a
365 _b220
856 _uhttp://www.taylorfrancis.com/books/9781041055938
942 _cEBOOK
999 _c1747241
_d1747241